Black Power Ranger Actors Quiz Stats

 Plays Quiz not verified by Sporcle

Challenge
Share
Tweet
Embed
Score 0/9 Timer 04:00
0 Plays Today
Actor Ranger % Correct
Johnny Young BoschAdam
94.8%
Walter JonesZack
94.3%
Samuell BentaWill
89.7%
Roger VelascoCarlos
89.7%
Jack GuzmanDanny
87.1%
Dan EwingDillon
82%
Russell LawrenceMike
80.4%
Alan PalmerCorcus
71.6%
John TuiCruger
70.6%

You're not logged in!

Compare scores with friends on all Sporcle quizzes.
Join for Free
OR
Log In

You Might Also Like...

Show Comments

Extras

Created Dec 20, 2009ReportNominate
Tags:Actor Quiz, black, power, ranger

Top Quizzes Today


Score Distribution

Your Account Isn't Verified!

In order to create a playlist on Sporcle, you need to verify the email address you used during registration. Go to your Sporcle Settings to finish the process.

Report this User

Report this user for behavior that violates our Community Guidelines.

Details: